|
|
|
|
| LEADER |
01956nem a2200445 a 4500 |
| 001 |
mzk03001178527 |
| 003 |
CZ BrMZK |
| 005 |
20130729151822.0 |
| 007 |
aj|aanzn |
| 008 |
071008q18011850gw di|||||a|||||0|||ger|d |
| 034 |
1 |
|
|a a
|b 86400
|d E0102300
|e E0104800
|f N0481200
|g N0475400
|
| 040 |
|
|
|a BOE950
|b cze
|
| 043 |
|
|
|a e-gx---
|
| 072 |
|
7 |
|a 912:904
|x Staré mapy
|2 Konspekt
|9 7
|
| 080 |
|
|
|a (430.129)
|2 MRF
|
| 080 |
|
|
|a (084.3)
|2 MRF
|
| 100 |
1 |
|
|a Amman, Ignaz Ambros von,
|d 1753-1830
|7 xx0088836
|4 aut
|
| 245 |
1 |
4 |
|a Der Charte von Schwaben
|h [kartografický dokument].
|n No. 35 /
|c Trigonometrisch aufgenommen und gezeichnet von I. A. v. Amman, Königl. Baierschem Landes Directions Rath
|
| 246 |
3 |
|
|a Mindelheim
|h [kartografický dokument]
|
| 255 |
|
|
|a Měřítko [ca 1:86 400]. 10,4 cm = 2 Reisestunden. 9 cm = 4000 Toises
|c (010°23´00" v.d.--010°48´00" v.d./048°12´00" s.š.--047°54´00" s.š.)
|
| 260 |
|
|
|a Tübingen :
|b In Verlag der J. G. Cotta'schen Buchhandlung,
|c [mezi 1801 a 1850]
|
| 300 |
|
|
|a 1 mapa :
|b mědirytina ;
|c 40,5 x 35 cm, na listu 45,5 x 38 cm, složeno na 23 x 19 cm
|
| 500 |
|
|
|a Mapa je rozdělena na 4 části a podlepena plátnem
|
| 500 |
|
|
|a Pod mapou dedikace
|
| 510 |
3 |
|
|a IKAR
|
| 561 |
|
|
|a Provenience: [stará signatura] G 68
|
| 561 |
|
|
|a Provenience: [m.p.] 35 Schwaben v. Amman. Schwabmüniben. Mindelheim
|
| 655 |
|
7 |
|a staré mapy
|7 fd674099
|2 czenas
|
| 651 |
|
7 |
|a Švábsko (Německo)
|7 ge131573
|2 czenas
|
| 700 |
1 |
|
|a Cotta von Cottendorf, Johann Georg,
|d 1796-1863
|7 xx0053689
|4 edt
|
| 700 |
1 |
|
|a Michaelis, Ernst Heinrich,
|d 1794-1873
|4 oth
|
| 700 |
1 |
|
|a Abel, Gottlieb Friedrich
|4 egr
|
| 910 |
|
|
|e BOE950
|c R - DCCXXI,35 (I.II.a)
|
| 978 |
|
|
|b Cotta, Johann Georg
|a Tübingen
|c 1801-1850
|
| 984 |
|
|
|a Tübingen
|b Německo
|
| 985 |
|
|
|a 1801-1850
|
| 990 |
|
|
|a MP
|
| 996 |
|
|
|e BOE950
|c R - DCCXXI,35 (I.II.a)
|
| 991 |
|
|
|k rajhrad
|
| 980 |
|
|
|c 290367
|g R - DCCXXI,35 (I.II.a)
|d 20071008
|t 5
|1 328100290367
|z KR
|